| 000 | 00426nam a22001577a 4500 | ||
|---|---|---|---|
| 003 | NUST - PNEC | ||
| 005 | 20170116181125.0 | ||
| 008 | 150416b xxu||||| |||| 00| 0 eng d | ||
| 040 | _cLIBRARY | ||
| 082 | _a623.87 SOT | ||
| 100 |
_91387 _aSothern J W M |
||
| 245 |
_aVerbal Notes & Sketches For Marine Engineer Officers: V l _cSothern, J.W.M. |
||
| 260 | _c- | ||
| 650 |
_97488 _aMarine engineering _xME |
||
| 942 |
_2ddc _cBK |
||
| 999 |
_c69699 _d69699 |
||